000 00840nam a2200265 a 4500
008 951212s1977||||[C 0 slo c
020 _c34 Kčs.
_q(4500 výtl.)
040 _aSNK
_bslo
_cSNK
_eAACR2
041 1 _aslo
_hrus
044 _axo
_cSK
080 _a882-3
100 1 _aFEDIN, Konstantin
_4aut
245 1 0 _aMestá a roky
_cKonstantin FEDIN ; Konstantin Fedin, Magda Takáčová, Vladimír Čerevka, František Blažo, Karol Rosmány
250 _a2., vyd.
260 _aBratislava
_bSmena
_c1977
_eBratislava
_fPravda
300 _a385 s., 29,10 AH
_c21 cm
490 0 _aMáj
_vZv. 278.
500 _aTit. dvojlist.
700 1 _aFedin, Konstantin
_4aut
700 1 _aTakáčová, Magda
_4trl
700 1 _aČerevka, Vladimír
_4[ADC]
700 1 _aBlažo, František
_4bkd
700 1 _aRosmány, Karol
_4bkd
958 _aA
999 _c10619
_d10619